| 000 | 00696nam a2200205Ia 4500 | ||
|---|---|---|---|
| 003 | OSt | ||
| 005 | 20250627140738.0 | ||
| 008 | 210210b1993 xxu||||| |||| 00| 0 eng d | ||
| 040 | _cAL | ||
| 041 | _aKannada | ||
| 082 | _aK894.9 KARG | ||
| 100 |
_aKARNATAKA SAHITYA AKADEMI. _dಕರ್ನಾಟಕ ಸಾಹಿತ್ಯ ಅಕಾಡೆಮಿ _9216267 |
||
| 245 |
_aGaurisha Kaykini sahitya samikshe _b ಗೌರೀಶ ಕಾಯ್ಕಿಣಿ ಸಾಹಿತ್ಯ ಸಮೀಕ್ಷೆ |
||
| 260 |
_aBengaluru. _bKarnataka Sahitya Akademi., _c1993 |
||
| 300 | _aiv,149 | ||
| 650 |
_aGaurisha Kaykini. _9216268 |
||
| 690 |
_aKannada Criticism _9216269 |
||
| 906 | _a056668 | ||
| 942 |
_2ddc _cBK |
||
| 999 |
_c104308 _d104308 |
||